| 000 | 00708nam a2200277Ia 4500 | ||
|---|---|---|---|
| 008 | 160803s9999 xx 000 0 und d | ||
| 020 | _a978-0142415535 | ||
| 100 | _aWoodson, Jacqueline | ||
| 245 | _aMiracle's boys / | ||
| 245 | _cJacqueline Woodson. | ||
| 260 | _aNew York : | ||
| 260 | _bScholastic Inc. | ||
| 260 | _c2000 | ||
| 300 | _a133 pages ; | ||
| 300 | _c20 cm. | ||
| 500 | _aOriginally published: New York : G.P. Putnam's Sons, 2000. | ||
| 650 | _aBrothers -- | ||
| 650 | _aFamily problems -- | ||
| 650 | _aOrphans -- | ||
| 650 | _aRacially mixed people -- | ||
| 650 | _xFiction. | ||
| 650 | _xFiction. | ||
| 650 | _xFiction. | ||
| 650 | _xFiction. | ||
| 700 | _a660 | ||
| 999 |
_c298525 _d298525 |
||